00773nam a2200253 a 4500001001300000003000900013005001700022008004100039020002300080082001900103100001500122245007500137260004400212300000900256500003500265505001100300650001800311650002300329700001500352902000800367942000700375952012000382999001700502nice12345678IN_TiNIC20260116013651.0050524s1995 lona grp 000 0 eng  a019540X c32500a306.0954bDAS1 aDas, Veena aCritical Eventsb an Anthropological Perspective on Contemporary India aLondan bOxford University Press c1995 a230p aincludes index and biblioraphy2 aPlates aCulture-India aIndia-Anthropology1 aDas, Veena bSRS cBK 001040708StackRoom-aHMIbHMId2009-10-13g325.00l0o306.0954 DAS1p016904r2009-10-13v325.00w2005-05-24yBK c11879d11879